Language Quiz

Random Language or Letter Quiz

A Dessert by Any Other Name... Quiz Stats

 Plays Quiz Updated Oct 20, 2015

Challenge
Share
Tweet
Embed
Score 0/24 Timer 07:00
0 Plays Today
Hint Answer % Correct
CAKEcasket
94.3%
CAKEpacemaker
78.6%
CAKEhunchbacked
77.6%
(BANANA) SPLITspotlit
76%
FLANfilament
74.9%
TARTguitarist
73.8%
DONUTdownspout
72.8%
FLANriboflavin
71.4%
(BANANA) SPLITshoplift
70%
PIEsuppertime
69.9%
FLANdeflation
68.1%
(BANANA) SPLITCosmopolitan
63.9%
Hint Answer % Correct
DONUTdoughnut
61%
CAKEcantankerous
52.2%
TARTSecretariat
52%
PIEparasite
49.1%
TARTcataract
48.8%
TARTproletariat
48.5%
(BANANA) SPLITresponsibility
42.5%
DONUTdeconstruct
41.7%
PIEepitome
39.1%
PIEmorphine
29.7%
FLANexfoliant
24.1%
DONUTdiscontinuity
21.5%

You're not logged in!

Compare scores with friends on all Sporcle quizzes.
OR
Log In

You Might Also Like...

Show Comments

Extras

Top Quizzes Today


Score Distribution

Your Account Isn't Verified!

In order to create a playlist on Sporcle, you need to verify the email address you used during registration. Go to your Sporcle Settings to finish the process.

Report this User

Report this user for behavior that violates our Community Guidelines.

Details: